| 000 | 00769nas a2200241 4500 | ||
|---|---|---|---|
| 001 | BR8903690 | ||
| 003 | BR-BrBNA | ||
| 005 | 20231205091633.0 | ||
| 007 | ta | ||
| 008 | 230509b bl.|||p| |||| 00| 00por d | ||
| 040 |
_aBR-BrBNA _bpor _cBiblioteca Nacional de Agricultura |
||
| 041 | _a(Pt) | ||
| 072 | _aP34 | ||
| 100 | 1 | _aVasconcelos, I. | |
| 100 | 1 | _aMendes Filho, P.F. | |
| 100 | 1 | _aAlmeida, R.T. | |
| 245 | 1 | _aNodulacao e desenvolvimento do feijao-de-corda, Vigna unguiculata (L)Walp., em solos com diferentes niveis de salinidade | |
| 650 | _aFEIJAO DE CORDA | ||
| 650 | _aNODULACAO | ||
| 773 | 0 |
_tCiencia Agronomica (Brazil) _xISSN 0045-6888 _g(1987), v. 18(1) p. 125-130 _wBR8903690 |
|
| 909 |
_a202311 _bLúcia _c55 _dLúcia Elande |
||
| 942 |
_2AGRIS _n0 _cANA |
||
| 999 |
_c126339 _d126339 |
||